関東鉄道の駅乗降人員ランキング - Statistics

General Stats
  • This quiz has been taken 99 times
  • The average score is 14 of 28
Answer Stats
Hint Answer % Correct
11,056 取手
97%
13,988 守谷
91%
2,629 水海道
90%
1,095 下館
88%
1,509 下妻
75%
2,185 竜ヶ崎
72%
2,701 新守谷
66%
2,245 佐貫
61%
1,985 新取手
57%
311 北水海道
55%
2,535 西取手
53%
761 石下
52%
2,419 南守谷
42%
222 南石下
40%
66 騰波ノ江
38%
1,853 小絹
36%
1,847 ゆめみ野
36%
170 三妻
36%
4,249 戸頭
35%
1,960 寺原
35%
72 入地
34%
1,412 稲戸井
31%
189 宗道
30%
185 中妻
28%
65 大宝
28%
258 大田郷
26%
69 玉村
24%
156 黒子
23%
No matching quizzes found
Score Distribution
Percent of People with Each Score
Percentile by Number Answered
Your Score History
You have not taken this quiz